000 00560nam a2200205Ia 4500
005 20250923145151.0
008 008 250917s9999 xx 000 0 eng d
037 _aTextual
040 _aDSWL
_beng
_cDSWL
041 _aeng
_2eng
084 _qDSWL
100 _aSlack, Kathleen M.
_9832454
245 0 _aSocial Administration and the citizen
_cby Kathleen M. Slack
260 _aLondon
_bMichael Joseph Ltd.
_c1969
300 _avi,xxv,1142,CCvp.
365 _aINR
_b50
925 _g50
942 _cTEXL
999 _c1447974
_d1447974